000 00879nam a2200229Ia 4500
005 20250425161813.0
008 250425s9999 xx 000 0 und d
041 _aspa
082 _a158.7
100 _aPALACIOS, PAUL E.
245 0 _aFERNANDO MARTINEZ, GERENTE DE FINANZAS
250 _a1A ED.
260 _aEcuador
_bESCUELA DE POSTGRADO EN ADMINISTRACCION DE EMPRESAS: [ESPAE]
_c1990
260 _aGUAYAQUIL
_bS.E.
300 _a17
500 _aENCUADERNADO CON17 HOJAS,FOLLETO
520 _aESTE CASO PUEDE SER UTILIZADO EN VARIAS AREAS DE ESTUDIO COMO ADMINISTRACCION, IMPLEMENTACION DE ESTRATEGIA, GERENCIA DE VENTAS Y EN CURSOS O SEMINARIOS DE ADMINISTRACCION DE INSTITUCIONES FINANCIERAS. FACILITA AL LECTOR LA COMPRENSIONDE LA TEMATICAA
650 _aCOMPORTAMIENTO ORGANIZACIONAL
650 _aPSICOLOGIA INDUSTRIAL
942 _c01
010 _a30320
999 _c216446
_d216446